Kansas City Chiefs Nicknames - Statistics

General Stats
  • This quiz has been taken 401 times
  • The average score is 4 of 6
Answer Stats
Nickname Player % Correct
Cheetah Tyreek Hill
99%
Honey Badger Tyrann Mathieu
84%
The Nigerian Nightmare Christian Okoye
66%
The Human Joystick Dante Hall
52%
Zeus Travis Kelce
47%
Walrus Andy Reid
42%
No matching quizzes found
Score Distribution
Percent of People with Each Score
Percentile by Number Answered
Your Score History
You have not taken this quiz